| 000 | 01066ncm a2200277 c 4500 | ||
|---|---|---|---|
| 999 |
_c350935 _d350935 |
||
| 003 | BLK | ||
| 005 | 20200402163254.0 | ||
| 008 | 180414b bul |a|er|||| |0| c|bulo| | ||
| 010 | _aNOT00001389000 | ||
| 040 | _aBLK | ||
| 041 |
_aRUS _cRUS |
||
| 080 |
_aКамерна вок. муз. Песни, балади, арии, романси _b784.3 _z784.3 |
||
| 100 | 1 |
_aБалакирев, Милий Алексеевич _eпърви автор _935873 |
|
| 139 |
_aБалакирев, Милий Алексеевич _bБ 18 |
||
| 245 | 1 | 0 |
_aИзбранные романсы и песни _bДля голоса в сопровождении фортепиано _cМилий Алексеевич Балакирев. |
| 254 | _aКлавир | ||
| 257 | _aRUS | ||
| 260 |
_bМузыка _c1982 _aМосква |
||
| 300 |
_a46 с. _c29 см |
||
| 380 | _a7 | ||
| 650 | 7 |
_9169936 _aРуска музика, вокална - соло пеене |
|
| 653 | 7 |
_9193581 _aпесни |
|
| 653 | 7 |
_9195718 _aроманси |
|
| 852 |
_aЦБ М ІІ 9316 _p0 |
||
| 856 | 4 |
_qpdf _u |
|
| 856 | 4 |
_qpdf _u |
|
| 942 |
_cNOT _n0 _s1 |
||
| 944 |
_aCR _c15.06.2005 _kВаля_Йорданова |
||
| 944 |
_aED _c21.02.2011 |
||
| 999 | _d350935 | ||
| 999 | _d350925 | ||
| 999 | _d350925 | ||
| 999 | _d302012 | ||
| 999 | _d302012 | ||
| 999 | _d302012 | ||